[Event "Mitropa Online Cup Women 2021"]
[Site "Hybrid"]
[Date "2021.05.04"]
[Round "3.1"]
[White "Cvitan, Ena"]
[Black "Klek, Hanna Marie"]
[Result "1-0"]
[WhiteElo "2263"]
[BlackElo "2302"]
[Annotator "TA"]
[PlyCount "107"]
[EventDate "2021.05.04"]
[EventType "team-tourn"]
[EventCountry "NET"]
[SourceTitle "playchess.com"]
[Source "ChessBase"]
[SourceQuality "1"]
[WhiteTeam "Croatia"]
[BlackTeam "Germany"]
[WhiteTeamCountry "CRO"]
[BlackTeamCountry "GER"]

{[%evp 9,107,34,45,-13,30,24,29,21,25,17,72,70,86,86,86,86,82,87,81,60,58,51,55,15,60,60,60,60,60,60,60,60,62,60,64,39,63,56,131,130,160,117,116,111,127,121,146,132,145,137,142,133,147,141,200,197,197,191,284,277,304,291,317,305,402,406,425,411,435,426,467,459,457,453,422,416,400,391,323,287,703,525,799,795,722,680,768,713,29979,29980,29980,29981,29981,29982,29982,29983,29987,29988,29988,29986]} 1. d4 {ChessBase} d5 2. c4 e6 3. Nc3 c5 4. cxd5 exd5 5. Nf3 Nc6 6. Be3 {D32: Tarrasch Defence: Sidelines and lines without g3.} ({White should try} 6. dxc5 $14 Bxc5 7. Qxd5) 6... cxd4 7. Bxd4 {[#]} Nxd4 $146 ({Predecessor:} 7... Be6 8. e3 a6 9. Be2 Nf6 10. O-O Be7 11. Rc1 O-O 12. Na4 Nxd4 13. Nxd4 Rc8 {½-½ (53) Saemisch,F-Moller,J Copenhagen 1923 HCL [ChessBase]}) 8. Qxd4 {White has an edge.} Nf6 9. Rd1 Qc7 (9... Be7 $11) 10. e3 $16 {Threatens to win with Bb5+.} (10. Nxd5 Nxd5 11. Qxd5 Bb4+ 12. Nd2 O-O $17) 10... a6 11. Qa4+ (11. Nxd5 $6 Nxd5 12. Qxd5 Bb4+ 13. Nd2 Be6 $11) 11... Bd7 {[#]} 12. Bb5 Rd8 13. Bxd7+ Qxd7 14. Qxd7+ (14. Qb3 {with more complications.} Be7 15. O-O Qc7 16. Rc1 Qd7 17. Rfd1) 14... Rxd7 15. Ke2 Bb4 16. Rd3 (16. Ne5 {keeps more tension.} Rd6 17. Rd3 Ke7 18. a3 Bc5 19. Rc1) 16... Ke7 17. a3 Bxc3 18. Rxc3 Ne4 19. Rc2 $36 {[%mdl 2048] White fights for an advantage.} f6 20. Rd1 Rhd8 21. Rd4 g6 22. a4 a5 23. Rd3 Rd6 (23... Kd6 $1 $14) 24. Nd4 R8d7 25. f3 Ng5 26. Rc5 Rb6 27. b3 (27. Rxa5 Rxb2+ 28. Rd2 Rxd2+ 29. Kxd2 Nf7 $14) 27... Ne6 28. Rxa5 Nxd4+ 29. exd4 {[%mdl 4096] Endgame KRR-KRR} ({Don't do} 29. Rxd4 Rxb3 30. Raxd5 (30. Rdxd5 Rb2+ 31. Kf1 Rc7 $14) 30... Rxd5 $14) 29... Kd6 30. Rc5 Rb4 {[#]} 31. Rc8 $1 Rb6 (31... Re7+ $16 32. Kf2 f5) 32. Kd2 $18 f5 33. f4 Ke7 (33... Rc6 $142 34. Rxc6+ bxc6) 34. Re3+ Kf7 35. Kc3 h6 36. a5 Ra6 37. b4 {[%cal Bb3b4,Bb4b5,Bb5b6][%mdl 32]} g5 38. fxg5 hxg5 39. Re5 Rf6 40. b5 g4 41. b6 f4 {and the idea ...f3 leaves Black hopeful.} 42. Kd2 (42. Rc7 Rxc7+ 43. bxc7 Rc6+ 44. Kd3 Rxc7 $16) 42... f3 43. gxf3 gxf3 44. Ke1 ({Weaker is} 44. Rc7 Rxc7 45. bxc7 Rc6 $18) 44... Kg6 $2 (44... f2+ 45. Kf1 Rh6) 45. Rg8+ Kh6 46. Rh8+ Kg7 47. Reh5 Re7+ 48. Kf1 {Black must now prevent R5h7+.} Re4 49. R5h7+ {White mates.} Kg6 50. Rh6+ ({Stronger than} 50. Rxb7 f2 $11) 50... Kg7 51. Rxf6 Kxh8 52. a6 bxa6 53. b7 Re8 54. Rc6 {Weighted Error Value: White=0.05/Black=0.38} 1-0

[Event "Mitropa Online Cup Women 2021"]
[Site "Hybrid"]
[Date "2021.05.04"]
[Round "3.1"]
[White "Spiranec, Noemi"]
[Black "Lubbe, Melanie"]
[Result "0-1"]
[WhiteElo "2098"]
[BlackElo "2274"]
[Annotator "TA"]
[PlyCount "176"]
[EventDate "2021.05.04"]
[EventType "team-tourn"]
[EventCountry "NET"]
[SourceTitle "playchess.com"]
[Source "ChessBase"]
[SourceQuality "1"]
[WhiteTeam "Croatia"]
[BlackTeam "Germany"]
[WhiteTeamCountry "CRO"]
[BlackTeamCountry "GER"]

{[%evp 15,176,29,25,24,28,0,40,11,23,41,87,77,109,67,68,85,92,70,142,127,125,125,110,124,97,78,84,72,55,-7,0,0,81,46,44,-38,-24,-27,-29,-40,-36,-26,-14,-14,-12,-8,0,0,0,0,0,0,12,-42,-39,-44,-15,-16,-16,-24,-3,-30,0,-32,0,0,4,-20,-29,-28,-37,-38,-22,-22,-15,-11,-10,-10,-7,-56,-64,-56,-58,-99,-94,-141,-121,-189,-184,-171,-138,-154,-110,-147,-136,-144,-143,-114,-130,-277,-272,-272,-280,-278,-285,-251,-221,-444,-437,-437,-227,-418,-263,-738,-509,-622,-459,-446,-445,-404,-360,-804,-706,-29964,-450,-450,-438,-29973,-201,-153,-117,-2991,-2645,-1693,-1208,-29969,-29972,-29972,-29973,-29972,-29974,-29973,-29974,-29974,-29974,-29974,-29973,-29973,-29974,-29974,-29973,-29973,-29974,-29971,-8,-29973,-29974,-29974,-29975,-29975,-29976,-29970,-6279]} 1. d4 Nf6 2. c4 g6 3. g3 Bg7 4. Bg2 d6 5. Nc3 O-O 6. Nf3 Nc6 7. O-O Bf5 {7...e5 is becoming the main line.} 8. Nh4 Bd7 9. b3 {E62: King's Indian: Fianchetto: 6...c6 and Panno Variation (6...Nc6) without ...a6.} e5 10. dxe5 dxe5 11. Bb2 {White is slightly better.} Qc8 12. Nd5 {[#]} Nh5 $146 ({Predecessor:} 12... Re8 13. Qd2 Nd4 14. f4 Nxd5 15. Bxd5 Be6 16. fxe5 Nc6 17. Bxc6 bxc6 18. Qf4 Qd7 {½-½ (42) Bures,J (2384)-Fedorov,A (2567) Czech Republic 2016}) 13. Qd2 Be6 14. Rfd1 Re8 15. Rac1 h6 16. b4 {[%cal Bb3b4,Bb4b5][%mdl 32]} Kh7 (16... Nd4 $1 $14) 17. b5 Nd4 18. e3 Bxd5 19. Bxd5 Ne6 {[%cal Bd4e6,Be6f4,Bf4h3][%mdl 32]} 20. f4 exf4 21. exf4 Nexf4 22. Bf3 ({Worse is} 22. Bxf7 Re2 $1 $17) (22. gxf4 $14 Qg4+ {[%mdl 64] Double Attack} 23. Ng2) 22... Nh3+ 23. Kh1 Nf6 (23... Bxb2 $11 {remains equal.} 24. Qxb2 Ng5) 24. Bxf6 Bxf6 25. Qd5 (25. Rf1 $14) 25... Kg7 $15 {Threatens to win with ...Nf2+.} 26. Rf1 {Bg2 is the strong threat.} Ng5 27. Qxb7 Qxb7 28. Bxb7 Rad8 29. Rc2 Re7 30. Ng2 Ne6 31. Bd5 Nc5 32. Rcf2 Rd6 33. Rf3 Re2 34. R1f2 (34. Bc6 $11) 34... Rxf2 35. Rxf2 Nd3 36. Rd2 Nb4 37. Nf4 Bc3 38. Rf2 Bd4 39. Rd2 Be3 40. Rb2 Bc5 41. a3 Nxd5 42. Nxd5 $11 {[%mdl 4096] Endgame KRB-KRN} c6 43. bxc6 Rxc6 44. a4 $1 g5 45. Kg2 Re6 46. h3 Re1 47. Rc2 Ra1 48. Nc3 f5 49. Rd2 Rg1+ 50. Kh2 Rc1 51. Rd3 (51. Nb5 $17) 51... Rc2+ $1 $19 52. Kh1 Kg6 53. Rf3 Bd6 54. Rd3 Be5 55. Nb5 a6 56. Nd6 Kf6 57. g4 (57. Ne8+ $17 Kf7 58. a5) 57... fxg4 58. hxg4 Ke6 59. Nf5 Rxc4 60. Nxh6 Rxa4 61. Kg2 $2 (61. Re3) 61... a5 {[%cal Ba6a5,Ba5a4][%mdl 32]} 62. Kf3 Rc4 (62... Rb4 $142 63. Rd8 a4) 63. Ke2 $2 (63. Rd8) 63... a4 64. Ra3 $2 (64. Rd8) 64... Bd6 65. Ra2 Bf8 66. Kd3 Rf4 67. Nf5 {and the idea Nd4+ leaves White hopeful.} a3 68. Rg2 $2 (68. Re2+ Kd7 69. Rg2) 68... Bc5 69. Kc2 Rb4 (69... Rf2+ $142 70. Rxf2 Bxf2 71. Ng7+ Ke5 72. Kb1 Bc5 73. Nh5 Be7 74. Ka2 Ke4 75. Ng7 Kf3 76. Nf5 Bf8 77. Nd4+ Kxg4 78. Kb3 Kf4 79. Ne6+ Kf5 80. Nd4+ Ke4 81. Nc2 g4 82. Ka2 Bc5 83. Kb3 Bf2 84. Kc4 a2 85. Kb3 g3 86. Kxa2 g2 87. Kb2 Bd4+ 88. Kb3 g1=Q 89. Kc4 Qf1+ 90. Kb4 Qb1+ {[%mdl 64] Double Attack} 91. Kc4 Qxc2+ 92. Kb5 Qc5+ 93. Ka4 Qc4+ 94. Ka3 Qb5 95. Ka2 Qb2#) 70. Kc3 Rb1 71. Kc4 {[#]} (71. Rc2 $19 Kd5 72. Ra2) 71... Bb6 $2 (71... Rb2 $1 72. Rxb2 (72. Ng7+ Ke5) 72... axb2 73. Kxc5 b1=Q 74. Nd4+ Ke5 75. Nc6+ Kf4 76. Kd6 Kxg4 77. Kc5 Qe4 78. Kd6 Kf4 79. Nd8 Qd3+ 80. Kc7 Qd5 81. Nc6 g4 82. Ne7 Qe6 83. Nc6 g3 84. Nd4 Qe5+ {[%mdl 64] Double Attack} 85. Kc6 Qxd4 86. Kb5 g2 87. Kc6 g1=Q 88. Kc7 Qc5+ 89. Kd8 Qg8+ 90. Kd7 Qgc8#) 72. Re2+ Kf6 73. Rg2 $2 {[%mdl 8192]} (73. Nd6 $17) 73... Rb2 74. Rg3 Rc2+ 75. Rc3 Rxc3+ 76. Kxc3 {KB-KN} Ke5 77. Kb3 {[#]} Bc5 $1 78. Ng7 Bf8 79. Nh5 Ke4 80. Ka2 Kf3 81. Nf6 Be7 82. Ng8 Bd6 83. Nf6 Kf4 84. Kb3 Ke5 $2 (84... Bc5 {mates} 85. Nd7 Bd4 86. Nf8 Kxg4 87. Ne6 Bb2 88. Nc5 Kf3 89. Nd3 g4 90. Ne1+ Kf2 91. Nd3+ Kf3 92. Ne1+ Ke2 93. Ng2 g3 94. Kc2 Bf6 95. Kb3 Bg5 96. Kc3 Kf2 97. Kb3 Kxg2 98. Kxa3 Kh2 99. Kb2 g2 100. Kc3 g1=Q 101. Kc4 Qd1 102. Kc5 Qd3 103. Kb6 Qd5 104. Ka6 Qc6+ 105. Ka7 Be3+ 106. Kb8 Qd7 107. Ka8 Qc8#) 85. Nh5 $2 {[%mdl 8192]} (85. Nh7 $11) 85... Be7 {Black mates.} 86. Ka2 Ke4 87. Ng3+ Kf3 88. Nf5 Bf8 {Weighted Error Value: White=0.21/Black=0.11} 0-1

[Event "Mitropa Online Cup Women 2021"]
[Site "Hybrid"]
[Date "2021.05.04"]
[Round "3.2"]
[White "Mueller-Seps, Monika"]
[Black "Urh, Zala"]
[Result "1/2-1/2"]
[WhiteElo "2243"]
[BlackElo "2173"]
[Annotator "TA"]
[PlyCount "120"]
[EventDate "2021.05.04"]
[EventType "team-tourn"]
[EventCountry "NET"]
[SourceTitle "playchess.com"]
[Source "ChessBase"]
[SourceQuality "1"]
[WhiteTeam "Switzerland"]
[BlackTeam "Slovenia"]
[WhiteTeamCountry "SUI"]
[BlackTeamCountry "SLO"]

{[%evp 9,120,-1,20,21,26,15,19,9,12,16,16,21,48,39,99,69,72,68,72,68,72,56,87,93,109,71,66,41,138,150,136,118,116,98,233,225,199,203,260,222,309,288,356,357,345,282,408,407,407,413,408,396,597,587,543,523,679,673,939,588,643,629,597,222,213,203,412,438,425,415,646,623,493,443,731,730,627,539,450,443,374,374,374,374,341,299,293,0,0,0,0,0,0,0,0,0,0,0,0,0,0,0,0,0,0,0,0,0,0,0,0,0,0]} 1. d4 Nf6 2. Nf3 d5 3. Bf4 e6 4. Nbd2 Bd6 5. Bg5 h6 6. Bxf6 {D02: 1 d4 d5 2 Nf3 sidelines, including 2...Nf6 3 g3 and 2...Nf6 3 Bf4.} Qxf6 7. e4 dxe4 8. Nxe4 Qe7 9. Bd3 {[#]} O-O $146 ({Predecessor:} 9... Nd7 10. Qe2 Nf6 11. O-O-O Bd7 12. Ne5 O-O-O 13. Nxd6+ cxd6 14. Nxd7 Rxd7 15. Kb1 d5 {0-1 (41) Grischuk,A (2777)-Duda,J (2757) Chess.com INT 2020}) 10. Qe2 Nd7 11. O-O-O c5 (11... Nf6 $14) 12. Nxd6 Qxd6 13. Qe4 {[%csl Gd3][%cal Re4h7]} Nf6 14. Qe5 Qxe5 15. dxe5 Nd5 {[#]} 16. Be4 $1 Ne7 17. Rhe1 Rb8 18. Re3 f5 (18... b6 $14) 19. exf6 $1 $16 gxf6 20. Nd2 e5 21. Nc4 Bf5 (21... Be6 $16 {might work better.}) 22. Nd6 $18 Bxe4 23. Nxe4 ({Much less strong is} 23. Rxe4 $6 Rfd8 $14) 23... c4 24. Rd7 Rf7 25. Rg3+ Kf8 26. Nd6 $1 {[%csl LRb7,LRc4,LRf7][%mdl 64] [#] Double Attack} Rh7 27. Nxc4 b5 (27... Ke8 $142) 28. Nd6 a5 29. Rc3 Rg7 30. Rcc7 b4 (30... h5 {was necessary.} 31. Rb7 Ra8) 31. g4 a4 32. a3 bxa3 33. bxa3 h5 34. f3 hxg4 35. fxg4 f5 36. Nxf5 (36. Rb7 Ra8 37. gxf5 Nxf5 38. Nxf5 Rxd7 39. Rxd7) 36... Nxf5 37. gxf5 {[%mdl 4096] Endgame KRR-KRR} Rg1+ (37... Rxd7 38. Rxd7 Rc8) 38. Kd2 Rg2+ 39. Ke3 Rxh2 (39... Rg4 $142 40. h3 Rh4) 40. Ke4 Re2+ 41. Kf3 Re1 (41... Rh2 $142 42. Ke4 Re2+ 43. Kd5 Rb5+ 44. Kc6 Rb8) 42. Rf7+ Kg8 43. f6 Rg1 44. Rg7+ Rxg7 45. Rxg7+ {KR-KR} Kf8 46. Ke4 Rc8 47. Ra7 ({Weaker is} 47. Kxe5 Rc5+ 48. Kd4 Rxc2 $16) 47... Rxc2 48. Kxe5 $2 (48. Rxa4 $18 {And now Ra7 would win.} Kf7 49. Ra6 (49. Kxe5 Rc5+ 50. Kd6 Rc3 $16)) 48... Rc4 $11 {The position is equal.} 49. Ke6 {Intending Ra8+ and mate.} (49. Kf5 {looks sharper.} Rd4 50. Ra6 Kf7 51. Ra7+ Kf8) 49... Re4+ (49... Rc6+ {with more complications.} 50. Ke5 Rc4) 50. Kd5 (50. Kf5 {feels hotter.} Rc4 51. Ke5 Rg4 52. Ra8+ Kf7 53. Kf5) 50... Rf4 51. Kc5 (51. Ra6 {keeps more tension.} Kf7 52. Ke5 Rc4 53. Ra5 Kg6 54. Ra7) 51... Rf5+ 52. Kb4 Rxf6 53. Kxa4 Ke8 54. Rc7 Kd8 55. Rc3 Rf7 56. Kb5 Rc7 57. Rh3 Kc8 58. a4 (58. Kb6 $5 {[%cal Rh3h8]} Rc4 59. Rh8+ Kd7 60. Rh3 $14) 58... Kb7 59. a5 Rg7 60. Rh5 Ka7 {Black escapes into a draw.  Weighted Error Value: White=0.26/Black=0.33} 1/2-1/2

[Event "Mitropa Online Cup Women 2021"]
[Site "Hybrid"]
[Date "2021.05.04"]
[Round "3.2"]
[White "Janzelj, Lara"]
[Black "Hakimifard, Ghazal"]
[Result "0-1"]
[WhiteElo "2212"]
[BlackElo "2265"]
[Annotator "TA"]
[PlyCount "64"]
[EventDate "2021.05.04"]
[EventType "team-tourn"]
[EventCountry "NET"]
[SourceTitle "playchess.com"]
[Source "ChessBase"]
[SourceQuality "1"]
[WhiteTeam "Slovenia"]
[BlackTeam "Switzerland"]
[WhiteTeamCountry "SLO"]
[BlackTeamCountry "SUI"]

{[%evp 13,64,-1,68,0,0,0,18,-21,-12,-12,-24,-35,-23,-32,-35,-48,-27,-35,-33,-90,-81,-114,-20,-148,-143,-151,-139,-705,-715,-707,-710,-692,-693,-678,-676,-1079,-717,-676,-349,-354,-354,-554,-546,-474,-398,-606,-554,-29989,-29990,-29990,-29991,-29991,-29992]} 1. d4 Nf6 2. c4 e6 3. Nc3 Bb4 4. f3 d5 5. a3 Bxc3+ 6. bxc3 O-O 7. cxd5 Nxd5 (7... exd5 $11 8. g4 Nc6) 8. Qc2 {E27: Nimzo-Indian: Sämisch: 5...0-0 6 f3.} (8. e4 $1 $14 Nxc3 9. Qb3 Nxe4 10. fxe4) 8... c5 $11 9. e4 Ne7 10. dxc5 {The position is equal.} Qa5 11. Be3 Nd7 {[#]} 12. Qb3 $146 ({Predecessor:} 12. Rb1 Qc7 13. Bc4 Nxc5 14. Ne2 e5 15. O-O b6 16. Ng3 Be6 17. Bxe6 Nxe6 18. Nf5 Nxf5 19. exf5 {0-1 (33) Ratkovic,M (2385)-Narayanan,S (2464) Paracin 2015}) 12... Qc7 13. Qb4 Nc6 14. Qb5 b6 15. cxb6 axb6 16. Ne2 (16. Qb2 $15) 16... Ba6 17. Qg5 f5 (17... Nce5 $17 18. Kf2 Rfc8) 18. exf5 (18. Nf4 $1 $11 {keeps the balance.} Bxf1 19. Nxe6 (19. Kxf1 Qe5 $17)) 18... Rxf5 $17 19. Qg3 {[#]} Nce5 $1 20. Kf2 {[%mdl 8192] Now White is beyond hope.} (20. Rd1 $17) 20... Nf6 $19 {[%cal Bd7f6,Bf6e4,Be4g3,Bg3h1][%mdl 32] Threatens to win with ...Ne4+.} 21. Nf4 {[#]} Neg4+ $1 {[%mdl 576] Deflection} 22. fxg4 Ne4+ {[%mdl 64] Double Attack} 23. Kg1 {aiming for Qf3.} Nxg3 24. gxf5 Nxh1 25. Nxe6 Qc6 26. Bxa6 Rxa6 27. Rd1 {[#]} (27. Bd4 $142) 27... Ra8 $1 28. Bd4 {[#]} (28. Kxh1 Qxc3) 28... g6 $1 29. Ng7 (29. Ng5 $142) (29. Kxh1 Rxa3) 29... Rxa3 {( -> ...Ra2)} 30. f6 {[#]} Ra2 $1 {[%csl Ga2][%cal Rc6g2] Black mates.} 31. f7+ Kxf7 {[%csl Ga2][%cal Rc6g2]} 32. Rf1+ Kg8 {[%csl Ga2][%cal Rc6g2] Weighted Error Value: White=1.14/Black=0.47} 0-1

[Event "Mitropa Online Cup Women 2021"]
[Site "Hybrid"]
[Date "2021.05.04"]
[Round "3.2"]
[White "Rozman, Monika"]
[Black "Heinatz, Gundula"]
[Result "1/2-1/2"]
[WhiteElo "2175"]
[BlackElo "2131"]
[Annotator "TA"]
[PlyCount "76"]
[EventDate "2021.05.04"]
[EventType "team-tourn"]
[EventCountry "NET"]
[SourceTitle "playchess.com"]
[Source "ChessBase"]
[SourceQuality "1"]
[WhiteTeam "Slovenia"]
[BlackTeam "Switzerland"]
[WhiteTeamCountry "SLO"]
[BlackTeamCountry "SUI"]

{[%evp 33,76,33,27,26,27,37,52,42,40,48,33,39,60,42,37,42,33,6,7,-125,0,0,0,0,39,-33,0,-90,-82,-128,-128,-128,-127,-131,-132,-147,-121,-144,-154,-159,-136,-162,-162,-205,-188]} 1. e4 c6 2. d4 d5 3. Nc3 dxe4 4. Nxe4 Bf5 5. Ng3 Bg6 6. h4 h6 7. Nf3 Nd7 8. h5 Bh7 9. Bd3 Bxd3 10. Qxd3 e6 11. Bd2 Ngf6 12. O-O-O Qc7 13. Ne4 O-O-O 14. g3 Nxe4 15. Qxe4 Nf6 16. Qe2 Bd6 17. Kb1 Rhe8 {is the legacy move (17...Kb8).} 18. c4 {B19: Classical Caro-Kann: 4...Bf5 main line.} Qe7 19. Ne5 Nd7 20. Ba5 {White is slightly better.} Bc7 21. Bxc7 Kxc7 22. c5 {[#]} Nf6 $146 ({Predecessor:} 22... Qg5 23. Nc4 Nf6 24. Nd6 Re7 25. f4 Qd5 26. g4 Ne8 27. Ne4 Kb8 28. Nc3 Qd7 {½-½ (44) Oprisor,R (2412)-Buerger,A (2205) ICCF email 2011}) 23. Nc4 Rd5 24. Rd3 Red8 25. Ra3 Kb8 ({Much weaker is} 25... Rxd4 $6 26. Qe5+ Kc8 27. Nb6+ $1 {[%mdl 512]} (27. Nd6+ R8xd6 28. cxd6 Qxd6 $14) 27... axb6 28. Ra8+ Kd7 29. Qxd4+ Ke8 30. Rxd8+ Qxd8 31. Qxd8+ Kxd8 32. cxb6 $18) 26. Nd6 {[#]} (26. Rh4 $11 {remains equal.}) 26... R8xd6 (26... Ne8 $1 $17 27. Nxe8 Qxe8) 27. cxd6 $11 Qxd6 28. Rd3 Ra5 29. b3 (29. g4 $14) 29... Kc8 30. Rc1 (30. g4 $11 {keeps the balance.}) 30... Rxh5 $17 31. Rc5 Rxc5 32. dxc5 Qxc5 {[%mdl 4096] Endgame KQR-KQN} 33. Kb2 Nd5 34. Qf3 Qe7 35. Rd2 f5 {Black is clearly better.} 36. Qd3 Kb8 37. Kb1 a6 38. Kb2 Qf6+ {Weighted Error Value: White=0.36/Black=0.14} 1/2-1/2

[Event "Mitropa Online Cup Women 2021"]
[Site "Hybrid"]
[Date "2021.05.04"]
[Round "3.2"]
[White "Hund, Sarah"]
[Black "Ruzic, Pia Marie"]
[Result "0-1"]
[WhiteElo "2049"]
[BlackElo "1990"]
[Annotator "TA"]
[PlyCount "82"]
[EventDate "2021.05.04"]
[EventType "team-tourn"]
[EventCountry "NET"]
[SourceTitle "playchess.com"]
[Source "ChessBase"]
[SourceQuality "1"]
[WhiteTeam "Switzerland"]
[BlackTeam "Slovenia"]
[WhiteTeamCountry "SUI"]
[BlackTeamCountry "SLO"]

{[%evp 10,82,20,31,31,26,19,0,49,36,52,50,70,-14,25,33,99,81,84,61,186,169,165,66,55,45,237,-69,-18,-31,0,0,0,-32,0,0,94,-450,-448,-444,-177,-502,-440,-1116,-1104,-1098,-1098,-1050,-951,-952,-631,-708,-724,-724,-716,-707,-700,-684,-663,-782,-772,-1095,-871,-29982,-29982,-29989,-29990,-29992,-29990,-29991,-29989,-29989,-29990,-29990,-391]} 1. e4 e6 2. d4 d5 3. Nc3 Nf6 4. Bg5 Be7 5. e5 Nfd7 6. h4 Nc6 {6...h6 is becoming the main line. C14: French: Classical System: 4 Bg5 Be7 main line.} 7. Nf3 h6 8. Be3 a6 {The position is equal.} 9. Qd2 b5 {[#]} 10. Rh3 $146 ({Predecessor:} 10. Ne2 Nb6 11. b3 Bb4 12. c3 Bf8 13. Nf4 b4 14. Nd3 a5 15. Be2 Ba6 16. O-O {1-0 (57) Cuenca Jimenez,J (2484)-Martinez Lopez,D (2233) Roquetas de Mar 2014}) 10... Nb6 11. g4 (11. b3 $14) 11... Na5 12. b3 $1 Bd7 (12... c5 $14) 13. g5 $16 hxg5 14. Nxg5 f6 {[#]} (14... Qb8 $14) 15. Bd3 $1 $18 {[%cal Rd3g6] And now Bg6+ would win.} f5 16. Bxf5 exf5 $14 17. e6 {Nf7 is the strong threat.} Bc6 $2 (17... Qc8 $14 18. exd7+ Qxd7) 18. O-O-O $2 ({Only move:} 18. Nf7 $18 Qc8 19. Nxh8 Qxe6 20. Ne2) 18... Nbc4 19. bxc4 $11 Ba3+ ({But not} 19... bxc4 $2 20. Rg1 $18) 20. Kb1 Nxc4 21. Qd3 (21. Qe1 $5 {[%cal Rg5f7]}) 21... Qe7 $40 {[%mdl 128] ( -> ...Qb4+). Black attacks.} (21... Nb2 $5 {[%cal Rb2d3]} 22. Nf7 (22. Qxf5 Qf6 $11) 22... Qe7 $15) 22. Ne2 Nb2 (22... Rh6 $1 $11 {remains equal.}) 23. Qb3 $2 {[%mdl 8192]} (23. Qc3 $16 {is forced if you want to stay better.} Nc4 24. Nf4) 23... Nxd1 $19 24. Nf7 Rf8 (24... Nxe3 25. Rxe3 {[#]} f4 $1) 25. Nf4 $2 (25. Ne5 {is a better chance.} Bb7 26. Bg5) 25... b4 {Threatens to win with ...Nc3+.} 26. Ne5 (26. Bc1 $142 Rxf7 27. exf7+ Qxf7 28. Bxa3 bxa3 29. Nd3) 26... Nc3+ 27. Ka1 Ba4 28. Nxd5 Bxb3 29. Nxe7 Kxe7 30. Ng6+ Kxe6 31. Nxf8+ Rxf8 32. axb3 Kd5 33. Bd2 Ne4 {[%mdl 64] Double Attack} 34. Bf4 Nxf2 35. Re3 Ne4 36. Bxc7 Rc8 {Black mates.} 37. Be5 Rxc2 38. Bxg7 Rc1+ 39. Ka2 Nc3+ 40. Rxc3 bxc3 41. Kxa3 Ra1+ $2 {Never resign too early!  Weighted Error Value: White=0.93/Black=0.56} (41... f4 {mates} 42. Kb4 f3 43. Bh6 Ra1 44. Be3 c2 45. Bg5 f2 46. Bh6 f1=Q 47. Kc3 Ra2 48. h5 Qa1+ 49. Kd3 c1=Q 50. Bxc1 Qxd4#) 0-1

[Event "Mitropa Online Cup Women 2021"]
[Site "Hybrid"]
[Date "2021.05.04"]
[Round "3.3"]
[White "Brunello, Marina"]
[Black "Olsarova, Karolina"]
[Result "1-0"]
[WhiteElo "2367"]
[BlackElo "2290"]
[Annotator "TA"]
[PlyCount "95"]
[EventDate "2021.05.04"]
[EventType "team-tourn"]
[EventCountry "NET"]
[SourceTitle "playchess.com"]
[Source "ChessBase"]
[SourceQuality "1"]
[WhiteTeam "Italy"]
[BlackTeam "Czech Republic"]
[WhiteTeamCountry "ITA"]
[BlackTeamCountry "CZE"]

{[%evp 11,95,25,41,47,55,34,24,15,45,27,46,50,48,49,53,53,73,68,81,23,20,-5,-16,-56,-50,-33,-50,-49,2,0,0,0,8,4,18,12,8,9,101,86,128,119,166,135,166,151,197,186,198,198,191,188,194,178,197,205,231,216,235,219,316,315,312,302,317,325,315,325,342,297,458,456,704,696,1750,1905,1807,1502,29988,29989,29990,29989,29989,29990,29991,29992]} 1. e4 c6 2. d4 d5 3. e5 Bf5 4. Nf3 e6 5. Be2 Nd7 6. O-O Bg6 {is the new trend.} 7. a4 {B12: Caro-Kann: Advance Variation.} Nh6 8. Nbd2 Nf5 9. Nb3 {White has an edge.} h5 10. a5 a6 11. c4 dxc4 {[#]} 12. Bxc4 $146 ({Predecessor:} 12. Nbd2 h4 13. Nxc4 Be7 14. Be3 Kf8 15. Nfd2 Kg8 16. Bf3 Nf8 17. Ne4 Nh7 18. Nc5 {½-½ (27) Malyovanyi,Y (2320)-Galuszka,T (2222) Jastrzebia Gora 2019}) 12... Be7 13. Qe2 O-O 14. Rd1 h4 15. Ne1 (15. Bd3 $16) 15... b5 16. axb6 Nxb6 17. Rxa6 Rxa6 18. Bxa6 Qd5 19. Qf3 Rd8 (19... Rb8 $1 $15) 20. Bb7 Qxf3 21. Nxf3 c5 22. Na5 cxd4 23. Nc6 Rd7 24. Nxe7+ Nxe7 (24... Rxe7 $11 {remains equal.} 25. Be4 h3) 25. Rxd4 $16 {White leaves nothing to chance now.} Rxd4 ({Don't go for} 25... Rxb7 $2 26. Rd8+ Kh7 27. Ng5+ Kh6 28. Nxe6+ (28. Rh8+ Bh7 $11) 28... Kh7 29. Ng5+ Kh6 30. Ne6+ (30. Rh8+ Bh7 $18) 30... Kh7 31. Nf8+ Kh8 32. Nxg6+ Kh7 33. Nf8+ (33. Nxh4 Nc6 $16) 33... Kg8 34. Nd7+ Kh7 35. Nf8+ Kg8 36. Nd7+ Kh7 37. Nf8+ $18) 26. Nxd4 Bd3 27. f4 Ned5 28. Nf3 Be4 29. Nxh4 Nxf4 30. Bxe4 Ne2+ 31. Kf2 Nxc1 $18 {[%mdl 4096] Endgame KBN-KNN} 32. Nf3 Nc4 33. b4 Na3 {[#]} 34. Nd4 $1 Na2 35. Nc6 Nc3 (35... Nc4 $142 36. Ke2 Kf8) 36. Bd3 Nd5 37. Kf3 Kf8 38. Ke4 Ke8 {[#] Black hopes to continue with ...Kd7.} 39. Kd4 $1 Kd7 40. Kc5 Kc7 (40... Ne3 $142 41. b5 Nxb5 42. Bxb5 Nxg2 43. Nd4+ Ke7 44. Nc6+ Kd7 45. Na5+ Ke7 46. Nc6+ Kd7) 41. b5 f5 (41... Nb6 $142 42. Kb4 Nxb5 43. Kxb5 Na4 44. Kxa4 Kxc6 45. Be4+ Kc5) 42. g3 g5 43. Nd4 Kd7 44. Nxf5 {[%mdl 64] Deflection} exf5 45. Kxd5 {White mates.} f4 46. gxf4 gxf4 47. b6 f3 48. e6+ {Weighted Error Value: White=0.07/Black=0.43} 1-0